000 00909cam a22002411 4500
001 sa 65001598
003 DLC
005 20260227112110.0
008 851125s1963 ii ab b f000 0 eng
010 _asa 65001598
040 _aDLC/ICU
_cICU
_dDLC
043 _aa-ii---
050 0 0 _aQC801
_b.H8814 no. 5
245 0 0 _aGeophysical exploration;
_bproceedings of a symposium held at the Maharaja Sayajirao University, Baroda, August 15-17, 1959.
260 _aNew Delhi,
_bCouncil of Scientific & Industrial Research,
_c1963.
300 _axii, 227 p.
_billus., maps (part fold.)
_c25 cm.
440 0 _aNGRI publication ;
_vno. 5
500 _aSymposium held under the auspices of the Central Board of Geophysics.
504 _aIncludes bibliographies.
650 0 _aGeophysics
_zIndia.
710 2 _aNational Geophysical Research Institute (India)
710 2 _aMaharaja Sayajirao University of Baroda.
999 _c62121
_d62121